000
00286nam a2200109Ia 4500
001
1261069
005
20260417140344.0
008
260417s9999 xx 000 0 und d
020
_a
9786051859576
245
0
_a
Gökkuşağına İki Bilet
_c
Attila Şenkon
260
_b
Everest Yayınları
999
_c
1261069
_d
1261069